Statistics for US States - Alphabetic Anagrams 1

Click here to take the quiz!

General Stats

  • This quiz has been taken 51 times
  • The average score is 14 of 15

Answer Stats

ALPHAGRAMSTATE% Correct
AeimnMaine
100%
AaaablmAlabama
98%
AaaklsAlaska
98%
AainorzArizona
98%
CekkntuyKentucky
98%
AadenvNevada
98%
AestxTexas
98%
AadiinnIndiana
91%
Aadhknoortt / 2North Dakota
91%
AaeilnnnpsvyPennsylvania
89%
CiinnosswWisconsin
89%
AamnnotMontana
85%
EmnortvVermont
85%
IimorssuMissouri
83%
Ceeimnowx / 2New Mexico
80%

Score Distribution

Percentile by Number Answered

Percent of People with Each Score

Your Score History

You have not taken this quiz